Desempeño de la señalización vial horizontal por reflectividad de Nicaragua

Aborda la señalización horizontal son marcas de tráfico las cuales están constituidas por las líneas, flechas, símbolos y letras que se pintan sobre el pavimento, borde y estructuras de las vías de circulación o adyacentes a ellas, así como los objetos que se colocan sobre la superficie de...

Full description

Bibliographic Details
Main Author: Luquez García, Julio César
Other Authors: Tutor: Bustamante Arteaga, José Fernando
Format: Tesis Section = Libro
Language:Undetermined
Spanish
Published: Managua UNI 2016
Subjects:
LEADER 01177nam a2200253Ia 4500
008 240830s9999 xx 000 0 und d
040 |a BIBLIOTECA-RUPAP Mon 388.3122 L966 
041 |a spa 
082 |a Mon 388.3122 L966 
100 1 |a Luquez García, Julio César 
245 1 0 |a Desempeño de la señalización vial horizontal por reflectividad de Nicaragua 
260 |a Managua  |b UNI  |c 2016 
300 |a 129 p. :il. 
500 |a Contiene: anexos. 
502 |a Tesis (Ingeniero Civil)- UNI, 2016. 
520 3 |a Aborda la señalización horizontal son marcas de tráfico las cuales están constituidas por las líneas, flechas, símbolos y letras que se pintan sobre el pavimento, borde y estructuras de las vías de circulación o adyacentes a ellas, así como los objetos que se colocan sobre la superficie de rodamiento con el fin de regular o canalizar el tránsito o indicar la presencia de obstáculos. 
650 7 |a SEÑALES DE TRÁNSITO 
650 7 |b ESTUDIO DE TRÁNSITO 
650 7 |c SEGURIDAD VIAL 
650 7 |d CONTROL DE TRÁNSITO 
700 1 |a Tutor:  |b Bustamante Arteaga, José Fernando 
942 |c BK  |2 ddc 
991 |a TESIS 
999 |c 15603